| 000 | 00606nam a2200181 i 4500 | ||
|---|---|---|---|
| 001 | 185459 | ||
| 003 | SpMaBN | ||
| 005 | 20231027063028.0 | ||
| 008 | 160607q1949 sp |||| | spa d | ||
| 080 | _a821.112.2(436)-31"19" | ||
| 100 | 1 |
_aZweig, Stefan, _d1881-1942 _9118562 |
|
| 245 | 1 | 0 |
_aCarta de una desconocida / _cStefan Zweig ; [traductor, Rafael Ballester Escolas (i.e. Escalas)]. |
| 260 |
_aBarcelona : _bLibrerÃa Imperia, _c[1949?] |
||
| 300 |
_a110 p. ; _c19 cm. |
||
| 700 | 1 |
_aBallester Escalas, R. _925014 |
|
| 852 |
_aES-MaACL _jL-30343 _z- enc. tela |
||
| 999 |
_c185459 _d185459 |
||